| 000 -LEADER | |
|---|---|
| fixed length control field | 00391nam a22001697a 4500 |
| 005 - DATE AND TIME OF LATEST TRANSACTION | |
| control field | 20160528115503.0 |
| 008 - FIXED-LENGTH DATA ELEMENTS--GENERAL INFORMATION | |
| fixed length control field | 160528b xxu||||| |||| 00| 0 eng d |
| 020 ## - INTERNATIONAL STANDARD BOOK NUMBER | |
| ISBN | 81-7808-607-7 |
| 041 ## - LANGUAGE CODE | |
| Language code of text/sound track or separate title | eng |
| 082 ## - DEWEY DECIMAL CLASSIFICATION NUMBER | |
| Item number | 5778 |
| 100 ## - MAIN ENTRY--AUTHOR NAME | |
| Personal name | Coughlan, Anne T & others |
| 245 ## - TITLE STATEMENT | |
| Title | Marketing Channels |
| 260 ## - PUBLICATION, DISTRIBUTION, ETC. (IMPRINT) | |
| Name of publisher | Pearsons |
| Year of publication | 2004 |
| 300 ## - PHYSICAL DESCRIPTION | |
| Number of Pages | 563 |
| 650 ## - SUBJECT ADDED ENTRY--TOPICAL TERM | |
| Topical Term | Management |
| 942 ## - ADDED ENTRY ELEMENTS (KOHA) | |
| Koha item type | Books |
| Lost status | Damaged status | Collection code | Home library | Current library | Shelving location | Date acquired | Cost, normal purchase price | Full call number | Accession Number | Koha item type |
|---|---|---|---|---|---|---|---|---|---|---|
| MANAGEMENT | JRU Library | JRU Library | SHELF-73-G | 28/05/2016 | 195.00 | 5778 | 5778 | Books | ||
| MANAGEMENT | JRU Library | JRU Library | SHELF-73-G | 28/05/2016 | 195.00 | 5778 | 5779 | Books | ||
| MANAGEMENT | JRU Library | JRU Library | SHELF-73-G | 28/05/2016 | 195.00 | 5778 | 5780 | Books | ||
| MANAGEMENT | JRU Library | JRU Library | SHELF-73-G | 28/05/2016 | 195.00 | 5778 | 5781 | Books | ||
| MANAGEMENT | JRU Library | JRU Library | SHELF-73-G | 28/05/2016 | 195.00 | 5778 | 5782 | Books | ||
| MANAGEMENT | JRU Library | JRU Library | SHELF-73-G | 28/05/2016 | 195.00 | 5778 | 5783 | Books | ||
| MANAGEMENT | JRU Library | JRU Library | SHELF-73-G | 28/05/2016 | 195.00 | 5778 | 5784 | Books | ||
| MANAGEMENT | JRU Library | JRU Library | SHELF-73-G | 28/05/2016 | 195.00 | 5778 | 5785 | Books | ||
| MANAGEMENT | JRU Library | JRU Library | SHELF-73-G | 28/05/2016 | 195.00 | 5778 | 5786 | Books | ||
| MANAGEMENT | JRU Library | JRU Library | SHELF-73-G | 28/05/2016 | 195.00 | 5778 | 5787 | Books | ||
| MANAGEMENT | JRU Library | JRU Library | SHELF-73-G | 28/05/2016 | 195.00 | 5778 | 5788 | Books | ||
| Reference | JRU Library | SHELF-30-H | 28/05/2016 | 195.00 | 5778 | 5789 | Books | |||
| MANAGEMENT | JRU Library | JRU Library | SHELF-73-G | 28/05/2016 | 195.00 | 5778 | 5790 | Books |